Fr. Conceicao Rodrigues College of Engineering

Mechanics of Materials(in SI units) (Record no. 21050)

MARC details
000 -LEADER
fixed length control field 00346nam a2200157Ia 4500
082 ## - DEWEY DECIMAL CLASSIFICATION NUMBER
Classification number 620.11292
Item number BEE
100 ## - MAIN ENTRY--PERSONAL NAME
Personal name Beer/ F.P./ Johnston/E.R
250 ## - EDITION STATEMENT
Edition statement 3
245 ## - TITLE STATEMENT
Title Mechanics of Materials(in SI units)
260 ## - PUBLICATION, DISTRIBUTION, ETC.
Name of publisher, distributor, etc. Tata Mc Graw hill
Date of publication, distribution, etc. 2004
366 ## - TRADE AVAILABILITY INFORMATION
Publishers's discount category 20
300 ## - PHYSICAL DESCRIPTION
Extent 780
546 ## - LANGUAGE NOTE
Language note ENGLISH
654 ## - SUBJECT ADDED ENTRY--FACETED TOPICAL TERMS
Focus term Mechanics
942 ## - ADDED ENTRY ELEMENTS (KOHA)
Koha item type BOOK
Holdings
Withdrawn status Lost status Damaged status Not for loan Collection Home library Current library Date acquired Cost, normal purchase price Total Checkouts Full call number Barcode Date last seen Cost, replacement price Price effective from Koha item type
        CRC Fr. Agnel's C.Rodrigues College of Engineering Fr. Agnel's C.Rodrigues College of Engineering 17/03/2023 236.00   620.11292 BEE 15252 17/03/2023 295.00 17/03/2023 BOOK
        CRC Fr. Agnel's C.Rodrigues College of Engineering Fr. Agnel's C.Rodrigues College of Engineering 17/03/2023 236.00   620.11292 BEE 15253 17/03/2023 295.00 17/03/2023 BOOK